Truyện ngắn Mỹ đương đại
.
Đã lưu trong:
| Tác giả chính: | |
|---|---|
| Định dạng: | Sách |
| Năm xuất bản: |
H.
Văn học
1998
|
| Series: | Văn học nước ngoài. Văn học Mỹ đương đại
|
| Chủ đề: | |
| Tags: |
Thêm thẻ
Không có thẻ, Hãy là người đầu tiên gắn thẻ bản ghi này!
|
| LEADER | 01412nam a2200229 4500 | ||
|---|---|---|---|
| 082 | |a 813 |b TR527ng | ||
| 100 | |a Hồ Anh Thái | ||
| 245 | |a Truyện ngắn Mỹ đương đại |c Chủ biên:Hồ Anh Thái, Wayne Karlin; Thanh Bình dịch,.. | ||
| 260 | |a H. |b Văn học |c 1998 | ||
| 300 | |a 446 tr. |c 19 cm | ||
| 490 | |a Văn học nước ngoài. Văn học Mỹ đương đại | ||
| 500 | |a Nội dung: Cha không hài lòng vì con hay sao? /Richard Baush.Những cuộc đời sau khi chết/ Tim O'Brien.Phải lòng/Andre Bubus... | ||
| 520 | |a . | ||
| 653 | |a Văn học hiện đại | ||
| 653 | |a Mỹ | ||
| 653 | |a Truyện ngắn | ||
| 942 | |2 ddc |c STK0 | ||
| 999 | |c 5335 |d 5335 | ||
| 952 | |0 0 |1 0 |2 ddc |4 0 |6 813_000000000000000_H_103_M |7 0 |8 800 |9 50997 |a qbu |b qbu |c D5 |d 2014-12-22 |g 80000 |o 813 H 103 m |p 414.C1 |r 0000-00-00 |w 2014-12-22 |y STK0 |0 0 |6 813_H_103000000000000_M | ||
| 952 | |0 0 |1 0 |2 ddc |4 0 |6 813_000000000000000_H_103_M |7 0 |8 800 |9 50998 |a qbu |b qbu |c D5 |d 2014-12-22 |g 80000 |o 813 H 103 m |p 414.C2 |r 0000-00-00 |w 2014-12-22 |y STK0 |0 0 |6 813_H_103000000000000_M | ||
| 952 | |0 0 |1 0 |2 ddc |4 0 |6 813_000000000000000_H_103_M |7 0 |8 800 |9 50999 |a qbu |b qbu |c D5 |d 2014-12-22 |g 80000 |o 813 H 103 m |p 414.C3 |r 0000-00-00 |w 2014-12-22 |y STK0 |0 0 |6 813_H_103000000000000_M | ||
| 952 | |0 0 |1 0 |2 ddc |4 0 |6 813_000000000000000_H_103_M |7 0 |8 800 |9 51000 |a qbu |b qbu |c D5 |d 2014-12-22 |g 80000 |o 813 H 103 m |p 414.C4 |r 0000-00-00 |w 2014-12-22 |y STK0 |0 0 |6 813_H_103000000000000_M | ||